Ganar sin competir: Lado A
Spremljeno u:
| Glavni autor: | |
|---|---|
| Format: | Knjiga |
| Jezik: | španjolski |
| Izdano: |
Santiago
El Mercurio
2009
Santiago Aguilar 2009 |
| Izdanje: | 1a. ed |
| Teme: | |
| Oznake: |
Dodaj oznaku
Bez oznaka, Budi prvi tko označuje ovaj zapis!
|
MARC
| LEADER | 00000nam a2200000 a 4500 | ||
|---|---|---|---|
| 001 | UCH5878 | ||
| 003 | CL-VaPUC | ||
| 008 | 091105e20090000cl |||||||||||||||||spa|d | ||
| 020 | |a 9562393097 | ||
| 082 | 0 | 4 | |a 658.409 |b SOL |2 21 |
| 100 | 0 | |a Sol, Patricio del |e author |9 542269 | |
| 245 | 1 | 0 | |a Ganar sin competir: Lado A |
| 246 | 1 | 0 | |a Ganar por suerte: Lado B |
| 250 | |a 1a. ed | ||
| 300 | |a 215+207 p | ||
| 942 | |c BK | ||
| 945 | |d 20091105 00:00:00 |a rbrito | ||
| 260 | |a Santiago |b El Mercurio |c 2009 | ||
| 260 | |a Santiago |b Aguilar |c 2009 | ||
| 650 | 0 | |a Exito en los negocios |9 271740 | |
| 650 | 0 | |a Competencia económica |9 256096 | |
| 650 | 0 | |a Planificación estratégica |9 259735 | |
| 650 | 0 | |a Crecimiento económico |9 314037 | |
| 650 | 7 | |a CREATIVIDAD ECONOMICA |2 CL-VaPUC |9 542270 | |
| 650 | 7 | |a ESTRATEGIA COMERCIAL |2 CL-VaPUC |9 414090 | |
| 650 | 0 | |a Competencia |9 269688 | |
| 583 | |a last modification |c 20171010 01:34:08 |k Rodrigo Vera | ||
| 999 | |c 336913 |d 336911 | ||
| 952 | |0 0 |1 0 |4 0 |6 658_409000000000000_SOL_2009_2009 |7 0 |8 A |9 428978 |a BIBENE |b BIBENE |d 2019-11-22 |i 461464K |o 658.409 SOL 2009 2009 |p 461464K |r 2025-01-15 |w 2019-11-22 |y BK |k ICO | ||